[Event "SVK-ch op"]
[Site "Banska Stiavnica"]
[Date "2015.07.07"]
[Round "4"]
[White "Mulenko, Alexander"]
[Black "Verbytskiy, Patrik"]
[Result "1/2-1/2"]
[WhiteElo "2001"]
[BlackElo "1621"]
[PlyCount "126"]
[EventDate "2015.07.04"]
[EventType "swiss"]
[EventRounds "9"]
[EventCountry "SVK"]
[SourceTitle "CBM 167 Extra"]
[Source "ChessBase"]
[SourceDate "2015.09.14"]
[SourceVersion "1"]
[SourceVersionDate "2015.09.14"]
[SourceQuality "1"]

1. d4 Nf6 2. Nf3 c5 3. e3 e6 4. Bd3 d5 5. 0-0 Nc6 6. b3 a6 7. Bb2 cxd4 8. exd4 Bd6 9. Re1 Nb4 10. Bf1 Ne4 11. a3 Nc6 12. Nbd2 f5 13. c4 0-0 14. Rc1 Bf4 15. Rc2 Bd7 16. Bc1 Be8 17. g3 Bxd2 18. Bxd2 Bh5 19. Be3 Qa5 20. Bg2 Qxa3 21. Qb1 Nb4 22. Rcc1 Na2 23. Qa1 Qxb3 24. Rb1 Qxc4 25. Ne5 Qa4 26. Rxb7 Rab8 27. Ra7 Ra8 28. Rb7 Rfb8 29. Qb2 Nb4 30. Rxb8+ Rxb8 31. Ra1 Qe8 32. Rb1 Nc6 33. Qa1 Rxb1+ 34. Qxb1 Nxe5 35. dxe5 Qb5 36. Qc1 Qc4 37. Qa3 d4 38. Bf1 Qd5 39. Bf4 a5 40. h4 h6 41. Bd3 Bf3 42. Qa4 Nc5 43. Qe8+ Kh7 44. h5 Bxh5 45. Qxh5 Nxd3 46. Bxh6 g6 47. Qh4 Qe4 48. Bf4+ Kg8 49. Qd8+ Kf7 50. Qd7+ Kg8 51. Qxe6+ Kh7 52. Qf7+ Kh8 53. Qf8+ Kh7 54. Qh6+ Kg8 55. Qxg6+ Kf8 56. Bh6+ Ke7 57. Qd6+ Ke8 58. Qb8+ Kd7 59. Qd6+ Kc8 60. Qa6+ Kd7 61. Qd6+ Kc8 62. Qa6+ Kd7 63. Qd6+ Kc8 1/2-1/2

[Event "SVK-ch U10"]
[Site "Tatralandia"]
[Date "2015.04.25"]
[Round "9"]
[White "Verbytskiy, Patrik"]
[Black "Sobek, Michal"]
[Result "0-1"]
[WhiteElo "1644"]
[BlackElo "1919"]
[PlyCount "52"]
[EventDate "2015.04.18"]
[EventType "swiss"]
[EventRounds "9"]
[EventCountry "SVK"]
[SourceTitle "CBM 166 Extra"]
[Source "ChessBase"]
[SourceDate "2015.06.18"]
[SourceVersion "1"]
[SourceVersionDate "2015.06.18"]
[SourceQuality "1"]

1. e4 e5 2. Nf3 Nc6 3. Bc4 Nf6 4. Nc3 Nxe4 5. Bxf7+ Kxf7 6. Nxe4 d5 7. Nfg5+ Kg8 8. Qh5 Qe7 9. Nc3 Nb4 10. 0-0 g6 11. Qh4 d4 12. Nce4 Nxc2 13. Rb1 Bf5 14. Qg3 h6 15. Qb3+ Kg7 16. Qxb7 Rd8 17. Nf3 c5 18. Qc6 Nb4 19. Qa4 Bxe4 20. Ra1 Bxf3 21. gxf3 Qg5+ 22. Kh1 Qf5 23. Kg2 Nd3 24. Qc6 Nf4+ 25. Kh1 Qh3 26. Qc7+ Kg8 0-1